Language Quiz

Random Language Quiz
Score 0/30 Timer 10:00
0 Plays Today
Verb Answer % Correct
I amIk bin
91.5%
You areDo bist
83%
He/she isHy/sy is
83%
You haveDo hast
76.6%
We/you/they areWy/jim/sy binne
66%
I haveIk haw
66%
He hasHy/sy hat
66%
I goIk gean
63.8%
TO GOGean
61.7%
I doIk doch
61.7%
You doDo dochst
61.7%
I wantIk wol
61.7%
We/you/they haveWy/jim/sy hawwe
59.6%
TO HAVEHawwe
59.6%
You wantDo wolst
59.6%
Verb Answer % Correct
He/she doesHy/sy docht
57.4%
He/she wantsHy/sy wol
57.4%
TO WANTWolle
53.2%
We/you/they wantWy/jim/sy wolle
53.2%
I have toIk moat
51.1%
He/she has toHy/sy moat
51.1%
TO DODwaan
48.9%
TO HAVE TO (TO MUST)Moatte
48.9%
We/you/they have toWy/jim/sy moatte
48.9%
He/she goesHy/sy giet
42.6%
We/you/they doWy/jim/sy dogge
42.6%
You goDo giest
40.4%
We/you/they goWy/jim/sy geane
36.2%
You have toDo moatst
36.2%
TO BEWêze
29.8%
Remove Ads.
Support Sporcle.
Get the best of Sporcle when you Go Orange. This ad-free experience offers more features, more stats, and more fun while also helping to support Sporcle. Thank you for becoming a member.

You're not logged in!

Compare scores with friends on all Sporcle quizzes.
OR
Log In

Show Comments

Extras

Created Jul 25, 2012SourceReportNominate
Tags:friesland, Verbs

Top Quizzes Today


Score Distribution

Your Account Isn't Verified!

In order to create a playlist on Sporcle, you need to verify the email address you used during registration. Go to your Sporcle Settings to finish the process.

Report this User

Report this user for behavior that violates our Community Guidelines.

Details: